Steak Rarity Quiz - Statistics

General Stats
  • This quiz has been taken 50 times
  • The average score is 6 of 7
Answer Stats
Picture Answer % Correct
Medium
98%
Rare
93%
Raw
93%
Medium Rare
89%
Well Done
89%
Alive or Cow
84%
Burnt
80%
No matching quizzes found
Score Distribution
Percent of People with Each Score
Percentile by Number Answered
Your Score History
You have not taken this quiz